Statistics for Do These Countries Border One Another?

Click here to take the quiz!

General Stats

  • This quiz has been taken 58,014 times
  • The average score is 14 of 16

Answer Stats

QuestionAnswer% Correct
Mexico - United StatesYes
100%
Norway - PolandNo
96%
China - South KoreaNo
95%
Egypt - KenyaNo
95%
Russia - ChinaYes
95%
Oman - YemenYes
94%
South Africa - Republic of the CongoNo
93%
Haiti - Dominican RepublicYes
91%
Brazil - VenezuelaYes
90%
France - ItalyYes
88%
Indonesia - Papua New GuineaYes
88%
Vietnam - MalaysiaNo
83%
Bangladesh - PakistanNo
83%
Greece - AlbaniaYes
83%
Panama - GuatemalaNo
80%
Estonia - LithuaniaNo
77%

Score Distribution

Percentile by Number Answered

Percent of People with Each Score

Your Score History

You have not taken this quiz